[Event "XII Open Primavera"]
[Site "Robecchetto con Induno ITA"]
[Date "2015.05.14"]
[Round "6"]
[White "Novi', Giuseppe"]
[Black "Rutigliano, Cesare"]
[WhiteElo "1872"]
[BlackElo "1639"]
[Result "1-0"]
[PlyCount "93"]
[EventDate "2015.04.02"]

1. e4 d5 2. exd5 Nf6 3. d4 Nxd5 4. Nf3 Bg4 5. Be2 e6 6. O-O Be7 7. c3 O-O 8.
Nbd2 Nd7 9. Nc4 c5 10. Ne3 Nxe3 11. fxe3 cxd4 12. exd4 h6 13. h3 Bh5 14. Bf4
Nf6 15. Qe1 Nd5 16. Bd2 Qb6 17. b3 Rac8 18. Bc4 Bf6 19. Ne5 Rcd8 20. Qg3 Bxe5
21. Qxe5 Bg6 22. Qg3 Nf6 23. Rae1 Nh5 24. Qh4 Qd6 25. Re5 Qxe5 26. dxe5 Rxd2
27. g4 Be4 28. Rf2 Rd1+ 29. Bf1 Nf4 30. g5 hxg5 31. Qg4 Re1 32. Kh2 f6 33. h4
Bf5 34. Qg3 gxh4 35. Qxf4 Re4 36. Qd2 Rxe5 37. Bc4 Kh7 38. Rg2 Bg6 39. Qd7 Rf7
40. Qe8 Rg5 41. Rxg5 fxg5 42. Qxe6 Rf6 43. Qg8+ Kh6 44. Qh8+ Bh7 45. Bg8 g4 46.
Qxh7+ Kg5 47. Qxg7+ 1-0

[Event "XII Open Primavera"]
[Site "Robecchetto con Induno ITA"]
[Date "2015.05.14"]
[Round "6"]
[White "Ongaro, Andrea"]
[Black "Colusso, Ermes"]
[WhiteElo "1708"]
[BlackElo "1752"]
[Result "1/2-1/2"]
[PlyCount "74"]
[EventDate "2015.04.02"]

1. e4 c5 2. Nf3 d6 3. d4 cxd4 4. Nxd4 Nf6 5. Nc3 g6 6. f3 Bg7 7. Be3 O-O 8. Bc4
Nc6 9. Qd2 Bd7 10. O-O-O Qb8 11. h4 Nxd4 12. Bxd4 b5 13. Bxf6 Bxf6 14. Bb3 a5
15. Nd5 a4 16. Nxf6+ exf6 17. Bd5 Ra7 18. a3 Rc8 19. Qb4 Rac7 20. Rd2 Rc5 21.
Kb1 Qc7 22. c3 Be6 23. Rhd1 Bxd5 24. Rxd5 Rd8 25. Qd4 Rxd5 26. Qxd5 Qd7 27. Rd4
Kf8 28. Rb4 Rb8 29. c4 Ke7 30. Rxb5 Rxb5 31. Qxb5 Qa7 32. f4 Qg1+ 33. Ka2 Qxg2
34. Qc6 Qc2 35. Qc7+ Ke6 36. Qc8+ Ke7 37. Qb7+ Ke8 1/2-1/2

[Event "XII Open Primavera"]
[Site "Robecchetto con Induno ITA"]
[Date "2015.05.14"]
[Round "6"]
[White "Pizzolato, Roberto"]
[Black "Barrera, Pietro"]
[WhiteElo "1749"]
[BlackElo "1830"]
[Result "1/2-1/2"]
[PlyCount "80"]
[EventDate "2015.04.02"]

1. e4 c5 2. c3 Nf6 3. e5 Nd5 4. d4 cxd4 5. cxd4 e6 6. Nf3 Nc6 7. Bc4 Nb6 8. Bb5
d5 9. O-O Bd7 10. Nc3 Bb4 11. Bd3 Na5 12. Nb5 Bc6 13. a3 Be7 14. Bf4 Nac4 15.
Qb3 Qd7 16. Nc3 h6 17. Rfd1 Rc8 18. Qc2 a6 19. Nd2 Nxd2 20. Bxd2 Nc4 21. f4
Nxd2 22. Qxd2 b5 23. Rf1 Qa7 24. Bc2 g6 25. b4 Bd8 26. Na2 Bb6 27. Rfd1 Ke7 28.
Nc1 Bd7 29. Nb3 Rc7 30. Nc5 Bxc5 31. dxc5 Bc6 32. Qd4 Qa8 33. a4 Ra7 34. a5 h5
35. Qf2 h4 36. Rd4 Qf8 37. Rf1 Ke8 38. f5 gxf5 39. Bxf5 Qh6 40. Bh3 Qg5 1/2-1/2

[Event "XII Open Primavera"]
[Site "Robecchetto con Induno ITA"]
[Date "2015.05.14"]
[Round "6"]
[White "Ragoso, Mario"]
[Black "Vada, Riccardo"]
[WhiteElo "1628"]
[BlackElo "1797"]
[Result "0-1"]
[PlyCount "60"]
[EventDate "2015.04.02"]

1. e4 e6 2. d4 d5 3. Nd2 dxe4 4. Nxe4 Nf6 5. Bg5 Be7 6. Nxf6+ Bxf6 7. Bxf6 Qxf6
8. Nf3 O-O 9. Bd3 c5 10. c3 cxd4 11. Nxd4 e5 12. Ne2 Nd7 13. Qc2 h6 14. O-O Nc5
15. Bc4 Bf5 16. Qd2 Rad8 17. Qe3 Na4 18. Qxa7 Nxb2 19. Bb5 b6 20. Qa3 Nd3 21.
Ng3 Bg6 22. Rad1 Nf4 23. Qb3 Rxd1 24. Rxd1 h5 25. f3 Qg5 26. Bf1 h4 27. Ne4
Bxe4 28. fxe4 Nh3+ 29. Kh1 Nf2+ 30. Kg1 Qe3 0-1

[Event "XII Open Primavera"]
[Site "Robecchetto con Induno ITA"]
[Date "2015.05.14"]
[Round "6"]
[White "Rossi, Emanuele"]
[Black "Pappalardo, Antonio"]
[WhiteElo "1630"]
[BlackElo "1659"]
[Result "0-1"]
[PlyCount "110"]
[EventDate "2015.04.02"]

1. e4 c5 2. d4 cxd4 3. c3 Nf6 4. e5 Nd5 5. cxd4 e6 6. Bc4 Nb6 7. Bd3 Nc6 8. Nf3
d6 9. O-O Bd7 10. Nc3 Nb4 11. Bg5 Be7 12. Bxe7 Qxe7 13. exd6 Qxd6 14. Nb5 Qb8
15. Rc1 N4d5 16. Ne5 O-O 17. Qh5 Nf6 18. Qh3 Bxb5 19. Bxb5 Qd6 20. Rcd1 Qb4 21.
Bd3 Qxb2 22. Ng4 Nbd5 23. Rfe1 Kh8 24. Nxf6 Nxf6 25. Qh4 Rad8 26. Re3 Qxd4 27.
Qg3 Qg4 28. Rde1 Qxg3 29. Rxg3 g6 30. h3 Kg7 31. f4 Rd4 32. f5 Nh5 33. Rf3 exf5
34. g3 Rfd8 35. Bc2 Nf6 36. Bb3 Rd3 37. Ref1 Rxf3 38. Rxf3 Ne4 39. Re3 Nc5 40.
Bc2 Kf6 41. Rc3 b6 42. a4 a5 43. Kf2 Rd4 44. Ke3 Rb4 45. h4 h6 46. Ra3 Ke5 47.
Kf3 f6 48. Re3+ Ne4 49. g4 Rc4 50. Bd3 fxg4+ 51. Kxg4 f5+ 52. Kf3 Rxa4 53. Bb5
Ra2 54. Re2 Rxe2 55. Kxe2 Nc3+ 0-1

[Event "XII Open Primavera"]
[Site "Robecchetto con Induno ITA"]
[Date "2015.05.11"]
[Round "6"]
[White "Sartorio, Alessandro"]
[Black "Fortes Serra, Jordi"]
[WhiteElo "1361"]
[BlackElo "1478"]
[Result "0-1"]
[PlyCount "156"]
[EventDate "2015.04.02"]

1. e4 c5 2. d4 cxd4 3. Qxd4 Nc6 4. Qa4 Nf6 5. Bb5 a6 6. Nc3 Qb6 7. Be3 Qc7 8.
Nge2 Rb8 9. Bc4 e6 10. Qb3 Na5 11. Bf4 d6 12. Bb5+ axb5 13. Qxb5+ Nc6 14. Qd3
e5 15. Be3 Be6 16. Nb5 Qd7 17. Bd2 Be7 18. O-O O-O 19. Nec3 Rfc8 20. Qg3 Nh5
21. Qe3 Ra8 22. a3 Bd8 23. Qe2 Nf6 24. Be3 d5 25. exd5 Nxd5 26. Nxd5 Bxd5 27.
Rfd1 Qe6 28. Nc3 Bc4 29. Qf3 Qg6 30. Ne4 Bc7 31. Bc5 Rd8 32. b3 Bd5 33. Re1
Bxe4 34. Rxe4 Rd2 35. g3 Rad8 36. Rc1 Nd4 37. Bxd4 R2xd4 38. Rxd4 Rxd4 39. Rd1
Rxd1+ 40. Qxd1 Qd6 41. Qf3 Qxa3 42. Qxb7 Qd6 43. c4 g6 44. b4 Qb6 45. Qxb6 Bxb6
46. c5 Ba7 47. Kg2 Kf8 48. Kf3 Ke7 49. Ke3 Ke6 50. Ke4 f5+ 51. Ke3 Kd5 52. Kd3
Bb8 53. f3 Bc7 54. h4 Bd8 55. Kc3 f4 56. g4 Bxh4 57. c6 Kxc6 58. Kc4 h5 59. b5+
Kd6 60. b6 Bd8 61. Kb5 hxg4 62. b7 Bc7 63. Kc4 gxf3 64. Kd3 Kd5 65. Kd2 Kd4 66.
Ke1 Kd3 67. Kf2 e4 68. Kf1 e3 69. Ke1 f2+ 70. Kf1 Kd2 71. Kg2 f3+ 72. Kf1 e2+
73. Kxf2 e1=Q+ 74. Kxf3 Qe3+ 75. Kg4 Bf4 76. b8=Q Bxb8 77. Kh4 Bf4 78. Kg4 Qg3#
0-1

[Event "XII Open Primavera"]
[Site "Robecchetto con Induno ITA"]
[Date "2015.05.21"]
[Round "7"]
[White "Barrera, Pietro"]
[Black "Novi', Giuseppe"]
[WhiteElo "1830"]
[BlackElo "1872"]
[Result "0-1"]
[PlyCount "48"]
[EventDate "2015.04.02"]

1. e4 c6 2. d4 d5 3. e5 Bf5 4. Nf3 e6 5. Bd3 Bxd3 6. cxd3 c5 7. dxc5 Bxc5 8. d4
Bb6 9. Nc3 a6 10. O-O Ne7 11. Bg5 Nbc6 12. a3 h6 13. Bxe7 Qxe7 14. b4 O-O 15.
Qd3 Rfc8 16. Rac1 Rc7 17. Rc2 Rac8 18. Rfc1 f6 19. Na4 Ba7 20. exf6 Qxf6 21.
Nc5 Bxc5 22. Rxc5 Qf4 23. Qg6 Nxd4 24. Nxd4 Qxc1+ 0-1

[Event "XII Open Primavera"]
[Site "Robecchetto con Induno ITA"]
[Date "2015.05.21"]
[Round "7"]
[White "Colusso, Ermes"]
[Black "Fadali, Mustafa"]
[WhiteElo "1752"]
[BlackElo "1866"]
[Result "0-1"]
[PlyCount "62"]
[EventDate "2015.04.02"]

1. e4 c5 2. Nf3 d6 3. d4 cxd4 4. Nxd4 Nf6 5. Nc3 a6 6. f3 e6 7. Be3 Be7 8. Qd2
Nc6 9. g4 h6 10. O-O-O Bd7 11. Bc4 Na5 12. Bd3 b5 13. h4 Rc8 14. g5 Nh5 15.
gxh6 gxh6 16. Bxh6 Bxh4 17. Rh3 Rxh6 18. Rxh4 Qxh4 19. Qxh6 Qf4+ 20. Qxf4 Nxf4
21. Bf1 Ke7 22. a3 Nc4 23. Nde2 Ng6 24. Bh3 a5 25. f4 b4 26. axb4 axb4 27. Na2
b3 28. Nac3 Ne3 29. Rd3 Nxc2 30. Nd4 Nxf4 31. Rf3 Nxd4 0-1

[Event "XII Open Primavera"]
[Site "Robecchetto con Induno ITA"]
[Date "2015.05.21"]
[Round "7"]
[White "Cunati, Valerio"]
[Black "Mereghetti, Marco"]
[WhiteElo "1699"]
[BlackElo "1762"]
[Result "0-1"]
[PlyCount "51"]
[EventDate "2015.04.02"]

1. e4 e6 2. d4 d5 3. Nc3 Nf6 4. Bg5 Be7 5. e5 Nfd7 6. Bxe7 Qxe7 7. Nf3 a6 8.
Be2 c5 9. O-O Nc6 10. dxc5 Qxc5 11. Ng5 Ncxe5 12. Nxe6 fxe6 13. b4 Qxc3 14. f4
Nc6 15. Bh5+ g6 16. f5 Qd4+ 17. Qxd4 Nxd4 18. fxg6 hxg6 19. Bxg6+ Ke7 20. Rf7+
Kd6 21. c3 Ne5 22. cxd4 Nxg6 23. Rc1 Bd7 24. g3 Rac8 25. Rcf1 Rhf8 26. h4 0-1

[Event "XII Open Primavera"]
[Site "Robecchetto con Induno ITA"]
[Date "2015.05.21"]
[Round "7"]
[White "Giusti, Francesco"]
[Black "Garcia Rubi, Juan"]
[WhiteElo "1574"]
[BlackElo "1422"]
[Result "1-0"]
[PlyCount "95"]
[EventDate "2015.04.02"]

1. b3 d5 2. Bb2 Nc6 3. e3 e5 4. Bb5 a6 5. Bxc6+ bxc6 6. Bxe5 Bd6 7. Bxg7 Be5 8.
Bxe5 f6 9. Bg3 Bf5 10. Qh5+ Bg6 11. Qg4 Nh6 12. Qe6+ Kf8 13. Qxc6 Be8 14. Qxc7
Qxc7 15. Bxc7 Rc8 16. Bd6+ Kf7 17. Nc3 Nf5 18. Ba3 Rg8 19. g3 Bc6 20. d4 Bb7
21. Bc5 Ng7 22. a4 Ne6 23. b4 Rc7 24. Nf3 Rgc8 25. Nh4 Ng7 26. b5 Re8 27. bxa6
Bxa6 28. Nxd5 Rc6 29. Rb1 Bc4 30. Ne7 Rxe7 31. Bxe7 Kxe7 32. Rb7+ Kf8 33. e4
Bd3 34. cxd3 Rc1+ 35. Ke2 Rxh1 36. Nf3 Ra1 37. Ra7 Ra2+ 38. Ke3 h6 39. d5 Ne8
40. Nd4 Ra3 41. Nb5 Ra2 42. d6 Ng7 43. Ra8+ Kf7 44. d7 Ne6 45. d4 Ke7 46. Ra7
Rc2 47. d5 Nd8 48. Nd4 1-0

[Event "XII Open Primavera"]
[Site "Robecchetto con Induno ITA"]
[Date "2015.05.18"]
[Round "7"]
[White "Koureas, Panicos"]
[Black "Rossi, Emanuele"]
[WhiteElo "1470"]
[BlackElo "1630"]
[Result "0-1"]
[PlyCount "90"]
[EventDate "2015.04.02"]

1. e4 c5 2. Nc3 e6 3. f4 a6 4. Nf3 Nc6 5. g3 b5 6. Bg2 Rb8 7. d3 b4 8. Na4 Nf6
9. O-O d5 10. e5 Nd7 11. b3 Be7 12. h3 Bb7 13. Qe1 O-O 14. Bd2 Nb6 15. Nb2 a5
16. Nd1 d4 17. Nf2 a4 18. Ne4 a3 19. g4 Nd5 20. f5 exf5 21. gxf5 f6 22. Ng3
fxe5 23. Nxe5 Nxe5 24. Qxe5 Bf6 25. Qe2 Ne3 26. Bxe3 dxe3 27. Rad1 Bxg2 28.
Kxg2 Bd4 29. Rf3 Qg5 30. Rdf1 Rb6 31. Rf4 h5 32. h4 Qh6 33. Nxh5 Qc6+ 34. Kh3
Qd5 35. Ng3 Rh6 36. Rg1 Rg6 37. Rg2 Rgf6 38. Nf1 Rxf5 39. Nxe3 Bxe3 40. Qxe3
Rxf4 41. Qg3 Qf5+ 42. Kh2 Qe5 43. Kh3 R8f5 44. Kh2 Rh5 45. Kg1 Qa1+ 0-1

[Event "XII Open Primavera"]
[Site "Robecchetto con Induno ITA"]
[Date "2015.05.21"]
[Round "7"]
[White "Libutti, Michele"]
[Black "Macchiettini, Pierangelo"]
[WhiteElo "1747"]
[BlackElo "1674"]
[Result "0-1"]
[PlyCount "72"]
[EventDate "2015.04.02"]

1. d4 d5 2. c4 e6 3. Nc3 Nf6 4. Bg5 Be7 5. e3 c6 6. Nf3 Nbd7 7. Bd3 O-O 8. O-O
h6 9. Bh4 Ne8 10. Bg3 Bd6 11. Bh4 Be7 12. Bg3 Bd6 13. cxd5 Bxg3 14. hxg3 exd5
15. e4 dxe4 16. Nxe4 Nef6 17. Nc3 Nb6 18. Re1 Bg4 19. Qd2 Bxf3 20. gxf3 Qd7 21.
Ne4 Qxd4 22. Nd6 Qd5 23. Nxb7 Qxf3 24. Re3 Qh5 25. Be2 Qg5 26. Rc1 Rab8 27. Na5
Rbd8 28. Qe1 Nbd5 29. Nxc6 Nxe3 30. Nxd8 Rxd8 31. fxe3 Qxe3+ 32. Kf1 Ne4 33.
Kg2 Rd2 34. Rc8+ Kh7 35. Kh1 Rxe2 36. Qg1 Re1 0-1

[Event "XII Open Primavera"]
[Site "Robecchetto con Induno ITA"]
[Date "2015.05.21"]
[Round "7"]
[White "Moroni, Luca"]
[Black "Ragoso, Mario"]
[WhiteElo "1824"]
[BlackElo "1628"]
[Result "1-0"]
[PlyCount "107"]
[EventDate "2015.04.02"]

1. d4 Nf6 2. Nf3 g6 3. Bf4 d6 4. Nc3 Bg7 5. e3 O-O 6. Be2 Nh5 7. O-O Nxf4 8.
exf4 c6 9. Re1 Bg4 10. Rb1 Re8 11. h3 Bxf3 12. Bxf3 Qb6 13. Ne2 Na6 14. c3 Nc7
15. Ng3 e6 16. Ne4 Nd5 17. Nxd6 Red8 18. Nc4 Qa6 19. Bxd5 cxd5 20. Na3 Rac8 21.
Qb3 Bf8 22. Nc2 Qd3 23. Ne3 b6 24. Qc2 Qa6 25. a3 Rc7 26. Qe2 Qa4 27. Ng4 Bg7
28. Ne5 b5 29. Nd3 Bf8 30. Ra1 Rdc8 31. Ne5 Bd6 32. g3 Qb3 33. h4 Bxe5 34. fxe5
a5 35. h5 gxh5 36. Kg2 b4 37. axb4 axb4 38. Rh1 bxc3 39. Qxh5 Qc2 40. bxc3 Rxc3
41. Qg5+ Qg6 42. Qxg6+ hxg6 43. Rh4 R8c4 44. Rah1 Kf8 45. Rf4 Kg7 46. Rb1 Rd3
47. Rb7 Rdxd4 48. Rfxf7+ Kh6 49. f4 g5 50. Rf6+ Kh5 51. fxg5 Rc2+ 52. Kh3 Rdd2
53. g4+ Kxg5 54. Rg7# 1-0

[Event "XII Open Primavera"]
[Site "Robecchetto con Induno ITA"]
[Date "2015.05.21"]
[Round "7"]
[White "Pappalardo, Antonio"]
[Black "Bianchi, Alberto"]
[WhiteElo "1659"]
[BlackElo "1888"]
[Result "0-1"]
[PlyCount "114"]
[EventDate "2015.04.02"]

1. d4 Nf6 2. c4 e6 3. Nf3 b6 4. Nc3 Ba6 5. e3 Be7 6. Bd3 O-O 7. O-O c5 8. d5
Bb7 9. e4 d6 10. h3 Na6 11. a3 e5 12. Be3 Bc8 13. Nh2 Ne8 14. Ne2 Bf6 15. Ng3
g6 16. Qd2 Bg7 17. Bg5 f6 18. Bh6 g5 19. Bxg7 Nxg7 20. Nf5 Nxf5 21. exf5 Bd7
22. f3 Nc7 23. b4 Ne8 24. b5 Ng7 25. g4 Kf7 26. a4 a6 27. Rfb1 Rh8 28. a5 axb5
29. axb6 Qxb6 30. cxb5 c4+ 31. Kg2 cxd3 32. Qxd3 Rxa1 33. Rxa1 Rb8 34. Ra6 Qxb5
35. Qxb5 Rxb5 36. Nf1 Rxd5 37. Ne3 Rd2+ 38. Kg3 d5 39. Rd6 Ke7 40. Rxd5 Ra2 41.
Rd3 Bc6 42. Rc3 Kd7 43. Nc2 Rb2 44. Ne3 h5 45. h4 gxh4+ 46. Kxh4 Rb1 47. Nc4
Rh1+ 48. Kg3 hxg4 49. fxg4 Rd1 50. Ne3 Rb1 51. Ra3 Ne8 52. Ra7+ Kd6 53. Ra6 Rb3
54. Kf2 Nc7 55. Ra7 Rc3 56. Ke2 Bb5+ 57. Kd2 Rd3+ 0-1

[Event "XII Open Primavera"]
[Site "Robecchetto con Induno ITA"]
[Date "2015.05.18"]
[Round "7"]
[White "Rancati, David"]
[Black "Puricelli, Roberto"]
[WhiteElo "1577"]
[BlackElo "1521"]
[Result "0-1"]
[PlyCount "100"]
[EventDate "2015.04.02"]

1. e4 e5 2. Nf3 d6 3. Bc4 Be7 4. d3 Nf6 5. Nbd2 O-O 6. c3 b6 7. Qb3 h6 8. d4
exd4 9. Nxd4 Bb7 10. Qc2 Nbd7 11. Nf5 Ne5 12. Bb3 Re8 13. O-O Ba6 14. Rd1 Bd3
15. Bxf7+ Kxf7 16. Qb3+ Kf8 17. f3 Qd7 18. Nh4 Qb5 19. f4 Qxb3 20. Nxb3 Bc2 21.
Rd2 Bxb3 22. fxe5 Nxe4 23. Re2 Bd5 24. Ng6+ Kf7 25. Nf4 Bb7 26. e6+ Kg8 27. c4
Bg5 28. Nd5 Bxd5 29. cxd5 Bxc1 30. Rxc1 Nf6 31. Rd2 Rac8 32. Rc6 Re7 33. b4 Rf8
34. b5 Ne4 35. Rd3 Rf5 36. Rc4 Nf6 37. Rcd4 Nxd5 38. Rxd5 Rxd5 39. Rxd5 Rxe6
40. Kf2 Re5 41. Rxe5 dxe5 42. Ke3 Kf7 43. h4 Ke6 44. h5 Kd5 45. Kd3 Kc5 46. Ke4
Kxb5 47. Kxe5 c5 48. Ke4 Kc4 49. Ke3 Kc3 50. Ke2 Kb2 0-1

[Event "XII Open Primavera"]
[Site "Robecchetto con Induno ITA"]
[Date "2015.05.21"]
[Round "7"]
[White "Rutigliano, Cesare"]
[Black "Cecchini, Massimo S."]
[WhiteElo "1639"]
[BlackElo "1757"]
[Result "1/2-1/2"]
[PlyCount "114"]
[EventDate "2015.04.02"]

1. e4 c6 2. c4 d5 3. exd5 cxd5 4. d4 Nc6 5. Nc3 dxc4 6. d5 Ne5 7. Bf4 Ng6 8.
Bg3 Nf6 9. Bxc4 Qb6 10. Nb5 e5 11. dxe6 Bb4+ 12. Kf1 O-O 13. exf7+ Kh8 14. Nc7
Bg4 15. f3 Rad8 16. Qb3 Ne4 17. fxe4 Qf6+ 18. Nf3 Bc5 19. Bd5 Ne7 20. Be5 Qh6
21. Qc3 Bb6 22. h3 Bxf3 23. Bxg7+ Qxg7 24. Qxg7+ Kxg7 25. Ne6+ Kh6 26. Nxf8
Nxd5 27. gxf3 Ne3+ 28. Ke2 Rxf8 29. Rac1 Rxf7 30. Rc3 Ng2 31. h4 Rd7 32. a3
Nf4+ 33. Ke1 Nd3+ 34. Ke2 Nxb2 35. Rb1 Na4 36. Rd3 Rc7 37. Rb4 Rc2+ 38. Kf1
Rc1+ 39. Kg2 Nc5 40. Rd6+ Kg7 41. f4 Rc3 42. h5 Re3 43. h6+ Kf7 44. e5 Nd3 45.
Rf6+ Ke7 46. Rc4 Nc5 47. a4 Ne4 48. Rxb6 axb6 49. Rc7+ Ke6 50. Rxb7 Kf5 51.
Rf7+ Kg6 52. Rb7 Rb3 53. a5 Nc5 54. Rxb6+ Rxb6 55. axb6 Kxh6 56. Kg3 Kg6 57.
Kg4 h5+ 1/2-1/2

[Event "XII Open Primavera"]
[Site "Robecchetto con Induno ITA"]
[Date "2015.05.21"]
[Round "7"]
[White "Santarelli, Sabatino"]
[Black "Ongaro, Andrea"]
[WhiteElo "1614"]
[BlackElo "1708"]
[Result "0-1"]
[PlyCount "52"]
[EventDate "2015.04.02"]

1. d4 Nf6 2. c4 c5 3. d5 b5 4. e3 bxc4 5. Bxc4 g6 6. Nf3 Ba6 7. Qc2 Bxc4 8.
Qxc4 Bg7 9. O-O d6 10. Nc3 O-O 11. Rb1 Nbd7 12. e4 h6 13. Bd2 Rb8 14. a3 Qb6
15. Rfe1 Ng4 16. h3 Nge5 17. Nxe5 Nxe5 18. Qe2 Nd7 19. Kh1 Qb3 20. f4 c4 21.
Qd1 Nc5 22. Qxb3 Rxb3 23. Re2 Rfb8 24. Nd1 Rxa3 25. bxa3 Rxb1 26. Kh2 Rxd1 0-1

[Event "XII Open Primavera"]
[Site "Robecchetto con Induno ITA"]
[Date "2015.05.21"]
[Round "7"]
[White "Vada, Riccardo"]
[Black "Pizzolato, Roberto"]
[WhiteElo "1797"]
[BlackElo "1749"]
[Result "1-0"]
[PlyCount "71"]
[EventDate "2015.04.02"]

1. e4 d6 2. d4 Nf6 3. Nc3 e5 4. Nf3 Nbd7 5. Bc4 Be7 6. dxe5 Nxe5 7. Nxe5 dxe5
8. Qxd8+ Bxd8 9. O-O c6 10. Be3 b5 11. Bd3 O-O 12. Bc5 Re8 13. a4 bxa4 14. Rxa4
Rb8 15. Rxa7 Rxb2 16. Na4 Rb7 17. Rxb7 Bxb7 18. Rb1 Bc8 19. Bd6 Nd7 20. Bc4 Be7
21. Bxe7 Rxe7 22. Rd1 Nf6 23. Nc5 Nd7 24. Rd6 Kf8 25. Rxc6 Nxc5 26. Rxc8+ Re8
27. Rxc5 g6 28. Rc7 Rd8 29. Rxf7+ Ke8 30. Rxh7 Rd1+ 31. Bf1 Rc1 32. c4 Rd1 33.
f3 g5 34. Rg7 Rd4 35. Rxg5 Kf7 36. Rxe5 1-0

[Event "XII Open Primavera"]
[Site "Robecchetto con Induno ITA"]
[Date "2015.05.21"]
[Round "7"]
[White "Zanin, Fabio"]
[Black "Aspesi, Davide"]
[WhiteElo "1656"]
[BlackElo "1817"]
[Result "1/2-1/2"]
[PlyCount "75"]
[EventDate "2015.04.02"]

1. e4 c5 2. Nf3 Nc6 3. d4 cxd4 4. Nxd4 e5 5. Nb5 Nf6 6. N1c3 h6 7. Nd6+ Bxd6 8.
Qxd6 Qe7 9. Qd1 O-O 10. Be2 d6 11. O-O a6 12. Be3 b5 13. a3 Be6 14. Qd2 Kh7 15.
f3 Rac8 16. Rac1 Qd7 17. Rfd1 Rfd8 18. Bb6 Re8 19. Qxd6 Qb7 20. Bf2 Red8 21.
Qc5 Nd4 22. Qxe5 Nxe2+ 23. Nxe2 Rxd1+ 24. Rxd1 Rxc2 25. Nf4 Bc8 26. Nd5 Ng8 27.
Bd4 f6 28. Qf4 Qf7 29. Bc3 Qa7+ 30. Bd4 Qf7 31. Kf1 Rc6 32. Rc1 Rxc1+ 33. Qxc1
Be6 34. Qc6 f5 35. Nc3 fxe4 36. Qxe4+ Bf5 37. Qd5 Bd3+ 38. Kf2 1/2-1/2